<?xml version="1.0" encoding="UTF-8"?>
<record
    xmlns:xsi="http://www.w3.org/2001/XMLSchema-instance"
    xsi:schemaLocation="http://www.loc.gov/MARC21/slim http://www.loc.gov/standards/marcxml/schema/MARC21slim.xsd"
    xmlns="http://www.loc.gov/MARC21/slim">

  <leader>04219aam a2200493 i 4500</leader>
  <controlfield tag="001">60506</controlfield>
  <controlfield tag="003">CO-BoRNBP</controlfield>
  <controlfield tag="005">20260217165807.0</controlfield>
  <controlfield tag="007">ta</controlfield>
  <controlfield tag="008">210721s2019    ck abdogr     001 0 spa d</controlfield>
  <datafield tag="020" ind1=" " ind2=" ">
    <subfield code="a">9789585418868</subfield>
  </datafield>
  <datafield tag="020" ind1=" " ind2=" ">
    <subfield code="a">958541886X</subfield>
  </datafield>
  <datafield tag="040" ind1=" " ind2=" ">
    <subfield code="a">CO-BoUNC</subfield>
    <subfield code="b">spa</subfield>
    <subfield code="e">rda</subfield>
    <subfield code="c">CO-BoUNC</subfield>
  </datafield>
  <datafield tag="041" ind1="0" ind2=" ">
    <subfield code="a">spa</subfield>
  </datafield>
  <datafield tag="043" ind1=" " ind2=" ">
    <subfield code="a">s-ck---</subfield>
  </datafield>
  <datafield tag="082" ind1="0" ind2="4">
    <subfield code="a">799.1109861</subfield>
    <subfield code="b">L347p</subfield>
    <subfield code="2">23</subfield>
  </datafield>
  <datafield tag="100" ind1="1" ind2=" ">
    <subfield code="a">Lasso, Carlos Andr&#xE9;s</subfield>
    <subfield code="e">autor</subfield>
  </datafield>
  <datafield tag="245" ind1="1" ind2="3">
    <subfield code="a">La pesca deportiva continental en Colombia :</subfield>
    <subfield code="b">guia de las especies de agua dulce /</subfield>
    <subfield code="c">Carlos A. Lasso, Carlos R. Heinsohn, Steven Jensen, M&#xF3;nica Morales Betancourt ; editor Carlos A. Lasso ; ilustraciones Carlos R. Heinsohn ; presentaci&#xF3;n por Hernando Garc&#xED;a, Nicol&#xE1;s del Castillo piedrah&#xED;ta, Carlos R. Heinsohn, Steven Jenseni</subfield>
  </datafield>
  <datafield tag="250" ind1=" " ind2=" ">
    <subfield code="a">Primera edici&#xF3;n</subfield>
  </datafield>
  <datafield tag="264" ind1=" " ind2="1">
    <subfield code="a">Bogot&#xE1; :</subfield>
    <subfield code="b">Instituto de Investigaci&#xF3;n de Recursos Biol&#xF3;gicos Alexander Von Humboldt,</subfield>
    <subfield code="a">Tame, Arauca :</subfield>
    <subfield code="b">Fundaci&#xF3;n Orinoquia.,</subfield>
    <subfield code="c">2019.</subfield>
  </datafield>
  <datafield tag="300" ind1=" " ind2=" ">
    <subfield code="a">298 p&#xE1;ginas :</subfield>
    <subfield code="b">ilustraciones a color, diagramas, fotograf&#xED;as, l&#xE1;minas, mapas ;</subfield>
    <subfield code="c">25 cm.</subfield>
  </datafield>
  <datafield tag="336" ind1=" " ind2=" ">
    <subfield code="a">texto</subfield>
    <subfield code="b">txt</subfield>
    <subfield code="2">rdacontent</subfield>
  </datafield>
  <datafield tag="337" ind1=" " ind2=" ">
    <subfield code="a">sin mediaci&#xF3;n</subfield>
    <subfield code="b">n</subfield>
    <subfield code="2">rdamedia</subfield>
  </datafield>
  <datafield tag="338" ind1=" " ind2=" ">
    <subfield code="a">volumen</subfield>
    <subfield code="b">nc</subfield>
    <subfield code="2">rdacarrier</subfield>
  </datafield>
  <datafield tag="490" ind1="1" ind2=" ">
    <subfield code="a">Serie recursos hidrobiol&#xF3;gicos y pesqueros continentales de Colombia</subfield>
    <subfield code="v">v 18</subfield>
  </datafield>
  <datafield tag="500" ind1=" " ind2=" ">
    <subfield code="a">Incluye datos de contacto y afiliaciones de los autores (p&#xE1;gina 15)</subfield>
  </datafield>
  <datafield tag="504" ind1=" " ind2=" ">
    <subfield code="a">Incluye referencias bibliogr&#xE1;ficas (p&#xE1;ginas 275-295) &#xED;ndice de nombres comunes y de nombres cient&#xED;ficos</subfield>
  </datafield>
  <datafield tag="505" ind1="0" ind2=" ">
    <subfield code="a">1. La pesca deportiva en Colombia ; 2. Marco normativo ; 3. M&#xE9;todos y equipos de pesca deportiva ; 4. Zonas de pesca: descripci&#xF3;n general ; 5. Especies de inter&#xE9;s para la pesca deportiva ; 6. Cat&#xE1;logo de especies</subfield>
  </datafield>
  <datafield tag="520" ind1="1" ind2=" ">
    <subfield code="a">Desde el 2019 el Instituto Humboldt ha venido trabajando en una agenda nacional centrada en los Recursos Hidrobiol&#xF3;gicos y Pesqueros Continentales de Colombia. Dada la importancia de este componente de la biodiversidad para las comunidades humanas de esta Colombia Anfibia, los peces y su aprovechamiento han tenido una atenci&#xF3;n particular, con un liderazgo en estudios orientados a su conservaci&#xF3;n y aprovechamiento sostenible. Esta agenda nace en el 2010 con la elaboraci&#xF3;n del Cat&#xE1;logo Pesquero Continental de Colombia -probablemente el &#xFA;nico en su estilo en Am&#xE9;rica del Sur-; continu&#xF3; con el an&#xE1;lisis de las Pesquer&#xED;as Continentales en 2011, y en el 2013 se public&#xF3; el estudio de la pesca ornamental. En los &#xFA;ltimos dos a&#xF1;os, bajo el liderazgo de la l&#xED;nea de Recursos Hidrobiol&#xF3;gicos y Pesqueros del Instituto, se dio inicio a un proyecto centrado en la pesca deportiva en Colombia. Este tipo de pesca tambi&#xE9;n denominada por algunos autores como pesca recreativa o \201CSport Fishing\201D, tiene una gran importancia como actividad l&#xFA;dica y oportunidad de negocio para comunidades locales, pero requiere un conocimiento disponible para asegurar su sostenibilidad. La pesca deportiva se realiza pr&#xE1;cticamente en toda Colombia, tanto en el mar como en las aguas dulces, incluyendo numerosos ecosistemas \201Cartificiales o antropizados\201D, donde habitan incluso especies ex&#xF3;ticas y trasplantadas. Las cuencas m&#xE1;s ricas para la pesca deportiva o recreativa en Colombia son el Amazonas, el Orinoco y luego la cuenca del Magdalena-Cauca --</subfield>
  </datafield>
  <datafield tag="546" ind1=" " ind2=" ">
    <subfield code="a">Textos en espa&#xF1;ol con res&#xFA;menes en espa&#xF1;ol e ingl&#xE9;s</subfield>
  </datafield>
  <datafield tag="650" ind1="1" ind2="7">
    <subfield code="a">Pesca deportiva</subfield>
    <subfield code="z">Colombia</subfield>
    <subfield code="2">BNE</subfield>
    <subfield code="9">68880</subfield>
  </datafield>
  <datafield tag="650" ind1="1" ind2="7">
    <subfield code="a">Pesca deportiva</subfield>
    <subfield code="x">Normas</subfield>
    <subfield code="z">Colombia</subfield>
    <subfield code="2">BNE</subfield>
    <subfield code="9">68881</subfield>
  </datafield>
  <datafield tag="650" ind1="1" ind2="7">
    <subfield code="a">Pesca de agua dulce</subfield>
    <subfield code="z">Colombia</subfield>
    <subfield code="2">BNE</subfield>
    <subfield code="9">68882</subfield>
  </datafield>
  <datafield tag="650" ind1="1" ind2="7">
    <subfield code="a">pesca</subfield>
    <subfield code="x">Equipos y accesorios</subfield>
    <subfield code="z">Colombia</subfield>
    <subfield code="2">LEMB</subfield>
    <subfield code="9">68883</subfield>
  </datafield>
  <datafield tag="650" ind1="1" ind2="7">
    <subfield code="a">Peces de agua dulce</subfield>
    <subfield code="z">Colombia</subfield>
    <subfield code="2">LEMB</subfield>
    <subfield code="9">68884</subfield>
  </datafield>
  <datafield tag="650" ind1="1" ind2="7">
    <subfield code="a">Pesca deportiva ;</subfield>
    <subfield code="v">Cat&#xE1;logo</subfield>
    <subfield code="2">LEMB</subfield>
    <subfield code="9">68892</subfield>
  </datafield>
  <datafield tag="700" ind1="1" ind2=" ">
    <subfield code="a">Heinsohn Mallarino, Carlos Roberto</subfield>
    <subfield code="e">autor</subfield>
    <subfield code="e">ilustrador</subfield>
    <subfield code="e">autor de presentaci&#xF3;n</subfield>
    <subfield code="9">68886</subfield>
  </datafield>
  <datafield tag="700" ind1="1" ind2=" ">
    <subfield code="a">Jensen, Steven</subfield>
    <subfield code="e">autor</subfield>
    <subfield code="e">autor de presentaci&#xF3;n</subfield>
    <subfield code="9">68887</subfield>
  </datafield>
  <datafield tag="700" ind1="1" ind2=" ">
    <subfield code="a">Morales Betancourt, M&#xF3;nica Andrea</subfield>
    <subfield code="e">autor</subfield>
  </datafield>
  <datafield tag="700" ind1="1" ind2=" ">
    <subfield code="a">Garc&#xED;a, Hernando</subfield>
    <subfield code="e">autor de presentaci&#xF3;n</subfield>
    <subfield code="9">68893</subfield>
  </datafield>
  <datafield tag="700" ind1="1" ind2=" ">
    <subfield code="a">Castillo Piedrahita, Nicol&#xE1;s del</subfield>
    <subfield code="e">autor de presentaci&#xF3;n</subfield>
    <subfield code="9">68894</subfield>
  </datafield>
  <datafield tag="830" ind1=" " ind2="0">
    <subfield code="a">Serie recursos hidrobiol&#xF3;gicos y pesqueros continentales de Colombia</subfield>
    <subfield code="v">v 18</subfield>
    <subfield code="9">68895</subfield>
  </datafield>
  <datafield tag="942" ind1=" " ind2=" ">
    <subfield code="2">ddc</subfield>
    <subfield code="c">BK</subfield>
  </datafield>
  <datafield tag="999" ind1=" " ind2=" ">
    <subfield code="c">60506</subfield>
    <subfield code="d">60506</subfield>
  </datafield>
  <datafield tag="952" ind1=" " ind2=" ">
    <subfield code="0">0</subfield>
    <subfield code="1">0</subfield>
    <subfield code="2">ddc</subfield>
    <subfield code="4">0</subfield>
    <subfield code="7">0</subfield>
    <subfield code="a">MEGUAMAL</subfield>
    <subfield code="b">MEGUAMAL</subfield>
    <subfield code="d">2026-02-17</subfield>
    <subfield code="l">0</subfield>
    <subfield code="o">799.1109861 L347p</subfield>
    <subfield code="p">GUA005048</subfield>
    <subfield code="r">2026-02-17 16:47:31</subfield>
    <subfield code="t">Ej.1</subfield>
    <subfield code="w">2026-02-17</subfield>
    <subfield code="y">BK</subfield>
  </datafield>
  <datafield tag="952" ind1=" " ind2=" ">
    <subfield code="0">0</subfield>
    <subfield code="1">0</subfield>
    <subfield code="2">ddc</subfield>
    <subfield code="4">0</subfield>
    <subfield code="7">0</subfield>
    <subfield code="8">GEN</subfield>
    <subfield code="a">MEDORADO</subfield>
    <subfield code="b">MEDORADO</subfield>
    <subfield code="c">GEN</subfield>
    <subfield code="d">2026-02-25</subfield>
    <subfield code="l">0</subfield>
    <subfield code="o">799.1109861 L347p</subfield>
    <subfield code="p">DOR03434</subfield>
    <subfield code="r">2026-02-25 15:03:50</subfield>
    <subfield code="t">Ej.1</subfield>
    <subfield code="w">2026-02-25</subfield>
    <subfield code="y">BK</subfield>
  </datafield>
</record>
